000 01401nmc a2200469 a 4500
003 AR-BaBNM
005 20251128204156.0
008 011101s1994 ||||||||||||||000 | spa||
020 _a950-701-131-5
040 _cAR-BaBNM
245 1 0 _aDidácticas especiales
_bestado del debate
250 _a3ª ed.
260 _aBuenos Aires
_bAique
_c1994
300 _a157 p.
_bgráfs.
490 0 _aDidáctica. Biblioteca de temas pedagógicos
504 _aContiene bibliografía y notas
650 4 _aREFORMA DE LA EDUCACION
650 4 _aTEORIAS DE LA EDUCACION
650 4 _aDIDACTICA
650 4 _aENSENANZA DE LA ESCRITURA
650 4 _aENSENANZA DE LA EXPRESION ORAL
650 4 _aENSENANZA DE LA LECTURA
650 4 _aENSENANZA DE LA ORTOGRAFIA
650 4 _aTEORIA DE LA COMUNICACION
650 4 _aLITERATURA INFANTIL
650 4 _aCIENCIAS SOCIALES
650 4 _aENSENANZA DE LA GEOGRAFIA
650 4 _aENSENANZA DE LA HISTORIA
650 4 _aEDUCACION CIVICA
650 4 _aENSENANZA DE LA CIENCIA
650 4 _aENSENANZA DE LAS MATEMATICAS
650 4 _aTALLERES ESCOLARES
650 4 _aSIGLO VEINTE
653 _aESTRATEGIAS EDUCATIVAS
700 1 _aIaies, Gustavo Fabián
_ecompilador
700 1 _aCarozzi de Rojo, Mónica
700 1 _aChemello, Graciela
700 1 _aSegal, Analía
700 1 _aWeissmann, Hilda
942 _cBK
998 _cGrace
999 _c6478
_d6478